[Event "Asia-ch 4th"]
[Site "Doha"]
[Date "2003.02.23"]
[Round "2"]
[White "Kotsur, Pavel"]
[Black "Bakre, Tejas"]
[Result "1-0"]
[WhiteElo "2586"]
[BlackElo "2464"]
[Annotator "Ribli,Z"]
[PlyCount "77"]
[EventDate "2003.02.22"]
[EventType "swiss"]
[EventRounds "9"]
[EventCountry "QAT"]
[SourceTitle "CBM 094"]
[Source "ChessBase"]
[SourceDate "2003.05.26"]
[SourceVersion "1"]
[SourceVersionDate "2003.05.26"]
[SourceQuality "1"]

1. d4 Nf6 2. c4 e6 3. g3 d5 4. Bg2 Be7 5. Nf3 O-O 6. O-O dxc4 7. Ne5 Nc6 {
Das ist die prinzipielle Fortsetzung, aber 7...c5 ist auch moeglich.} (7... c5
8. dxc5 Qc7 9. Nxc4 $14) 8. Bxc6 bxc6 9. Nxc6 Qe8 10. Nxe7+ Qxe7 11. Qa4 e5 (
11... c5) 12. dxe5 Qxe5 13. Qxc4 {Weiß hat einen Bauern gewonnen, aber Schwarz
hat Kompensation, weil der "katalanische" Läufer auf g2 fehlt und Schwarz ein
Gegenspiel am Koenigsfluegel wegen der geschwaechten weißen Felder aufziehen
kann.} Be6 (13... Bh3 14. Re1 Qh5 15. Qh4 Qxh4 16. gxh4 Nd5 17. f3 Nb4 18. Na3
Be6 19. Bd2 Nxa2 20. b3 Bxb3 21. Reb1 Rfb8 22. Rxb3 Rxb3 23. Rxa2 a5 {0-1
Paunovic,D-Perez,R/Elgoibar ESP 2002/(49)}) 14. Qd3 (14. Qc2 Bf5 (14... Nd5 15.
Re1 Nb4 16. Qa4 Nd3 17. Rf1 Qxe2 18. Nc3 Qf3 $13 {1-0 Gruenenwald,J-Wagman,S/
Mendrisio 1988/EXT 97 (74)}) 15. Qd2 Bh3 $44 (15... Rad8 16. Qe3 Qa5 17. Nc3
Rfe8 $44) 16. Re1 $5 Rad8 17. Qe3 Qd5 $6 (17... Qh5 $5 18. Nc3 Rfe8 $36 19. Qf4
Nd5 20. Qh4 Qxh4 21. gxh4 Nxc3 22. bxc3 Rxe2 23. Bf4 $11) 18. f3 Ng4 $6 (18...
Rfe8 $44) 19. Qc3 (19. Qxa7 $6 Rfe8 $44) 19... Rfe8 20. Na3 $1 {1-0 Parker,
J-Baburin,A/Port Erin 1999/CBM 74/[Ribli] (34)}) 14... Bh3 $6 {Diese
Fortsetzung gefaellt mir nicht. Es ist logisch fuer Schwarz Bh3, oder Bc4 zu
ziehen, aber zuerst kann er mit Rad8 ein wichtiges Tempo bekommen. Nach dem
Textzug kann er nicht mehr Rad8 ziehen.} (14... Rad8 15. Qe3 Qh5 16. f3 Bc4 (
16... Rfe8 17. Qg5 Bc4 18. Qxh5 Nxh5 19. Nc3 $5 Bxe2 20. Rf2 Ba6 21. Bg5 $14 {
1-0 Georgiev,K-Karpov,A/Dubai 2002/CBM 89/[Ribli] (43)}) (16... Bh3 17. Re1
Rfe8 18. Qf2 Nd5 19. Bd2 f5 20. Nc3 {1-0 Akesson,R-Engqvist,T/Stockholm 1997/
EXT 98 (32)}) 17. Nc3 Rfe8 18. Qg5 Qh3 19. Rf2 (19. Be3 {1/2-1/2 Horvath,
J-Senff,M/Chambery 2002/CBM 89 ext (19)}) 19... Rxe2 20. Be3 $14 {1-0 Kurajica,
B-Zelcic,R/Solin/Split 2001/CBM 87(48)}) (14... Rfd8 $6 15. Qe3 Qh5 16. f3 $14)
(14... Nd5) 15. Rd1 $14 {[%cal Gd1d8] Weiß kontrolliert stark die d-Linie.} Qh5
(15... Rad8 $2 16. Qxd8 Rxd8 17. Rxd8+ Ne8 18. Nc3 $18) 16. f3 {Das ist ein
gewoehnlicher Zug in dieser Variante - Weiß verhindert die Moeglichkeit Ng4.} (
16. Nc3 $14) 16... Bf5 17. Qc4 (17. e4 $5 Be6 (17... Nxe4 $2 18. fxe4 Bxe4 19.
Qf1 $18) 18. Nc3 $14) 17... Be6 (17... Rad8 18. Rxd8 Rxd8 19. Nc3 $16) 18. Qd4
{[%cal Gd4f2]} c5 19. Qf2 {[%mdl 256] Schwarz hat Entwicklungsvorteil, aber
ich kann nicht sehen, wie kann man das ausnutzen will. Alles ist verteidigt in
der weißen Stellung.} Rfd8 20. Rxd8+ Rxd8 21. Nc3 Rb8 (21... Nd5 22. Qxc5 $16)
22. e4 {[%cal Gc1e3,Gf2a7]} (22. b3 $14) 22... Nd7 23. Bf4 Rb7 24. Rd1 $16 {
[%csl Gc3,Gd1,Gf4] Jetzt alles in Ordnung mit der weißen Entwicklung - er hat
einen klaren Bauern mehr, Schwarz hat keine Kompensation.} f5 {Schwarz
verteidigt sich gegen 25.g4, aber dieser Zug schwaecht die schwarze
Koenigsstellung.} (24... c4 25. g4 $16) 25. Qe2 {[%cal Re2a6,Ra6b7,Ra6e6]
Droht 26.Qa6 mit Materialgewinn.} (25. exf5 Qxf5 26. Ne4 $16 {[%cal Ge4d6,
Gd6f5,Gd6b7]}) 25... Qf7 (25... fxe4 $2 26. Qxe4 {[%cal Re4b7,Re4e6]} Rb6 27.
Bc7 Ra6 28. Qb7 $18) 26. exf5 Bxf5 27. b3 {Alles ist verteidigt in der weißen
Stellung und er hat die bessere Figurenkoordination.} Nf8 28. Ne4 {[%cal Re4d6,
Rd6b7,Rd6f7][%mdl 2048]} (28. Bd6 $16) 28... Bxe4 (28... Re7 29. Rd8 $18) 29.
Qxe4 Rd7 (29... h6 30. Rd8 $16) 30. Rxd7 Qxd7 31. Qc4+ Ne6 (31... Kh8 32. Qxc5
$18) 32. Be3 Qd6 33. Kg2 Kf8 34. Qe4 {[%cal Re4a8,Ra8f8,Re4h7,Ra8a7]} Nd4 35.
Qa8+ Kf7 36. Qxa7+ $18 Kg6 37. Qb7 Nf5 38. Qe4 Kf6 39. Bf2 1-0

[Event "Olympiad-31"]
[Site "Moscow"]
[Date "1994.12.08"]
[Round "7.3"]
[White "Ribli, Zoltan"]
[Black "Speelman, Jonathan S"]
[Result "1/2-1/2"]
[WhiteElo "2605"]
[BlackElo "2600"]
[Annotator "Ribli,Z"]
[PlyCount "59"]
[EventDate "1994.12.01"]
[EventType "team-swiss"]
[EventRounds "14"]
[EventCountry "RUS"]
[SourceTitle "CBM 045"]
[Source "ChessBase"]
[SourceDate "1995.04.01"]
[SourceVersion "1"]
[SourceVersionDate "1995.04.01"]
[SourceQuality "1"]
[WhiteTeam "Hungary"]
[BlackTeam "England"]
[WhiteTeamCountry "HUN"]
[BlackTeamCountry "ENG"]

1. Nf3 {Speelman} Nf6 2. c4 e6 3. g3 d5 4. Bg2 Be7 5. O-O O-O 6. d4 dxc4 7. Qc2
(7. Ne5 $5) 7... a6 8. Qxc4 (8. a4 $5) 8... b5 9. Qc2 Bb7 10. Bf4 Nc6 (10...
Nd5 11. Nc3 Nxf4 12. gxf4 Nd7 13. Rfd1 Qc8 14. Ne4 $1 c5 15. dxc5 Nxc5 16. Nxc5
Qxc5 17. Qxc5 Bxc5 18. Rac1 Rfc8 19. Ne5 $14 {Ribli,Z-Karpov,An/Amsterdam/1980/
INF30,504/}) 11. Rd1 Nb4 12. Qc1 Rc8 (12... Qc8 13. Bg5 $5 c5 14. Bxf6 gxf6 15.
Nc3 Rd8 16. a3 Nd5 17. Nxd5 Bxd5 18. dxc5 Qxc5 19. Qxc5 Bxc5 20. Ne1 Bxg2 21.
Kxg2 $14 {Agzamov,G-Karpov,An/USSR/1983/INF35,583/}) 13. Nc3 Nbd5 14. Nxd5 Nxd5
(14... Bxd5 15. Be3 c6 16. Ne1 Qb6 $1 (16... Ng4 17. Bf3 $1 Nxe3 18. Qxe3 Bf6
19. Qa3 Bxf3 20. Nxf3 $14 {Atalik,S-Vaganian,R/Manila olm/1992/}) 17. Nd3 Bxg2
18. Kxg2 Nd5 19. f3 c5 20. dxc5 Nxe3+ 21. Qxe3 Bxc5 22. Nxc5 Qxc5 23. Qxc5 Rxc5
24. Rac1 Rcc8 25. b4 g6 $10 {Khalifman,A-Lutz,C/Wijk/CBM45/1995/}) 15. Bg5 c5
16. dxc5 Qe8 (16... Rxc5 $2 17. Qxc5 $18) 17. Bxe7 Qxe7 18. Ne5 Rxc5 19. Qd2
Nc3 (19... Qc7 20. Nd3 Rc2 21. Qe1 Nf6 22. Bxb7 Qxb7 23. Rac1 Rxc1 (23... Rfc8
$2 24. Nc5 $1 R2xc5 25. Rxc5 Rxc5 26. Rd8+ $18) 24. Rxc1 Rc8 25. Rxc8+ Qxc8 26.
Qb4 Qc7 27. Qc5 Ne8 28. f3 f6 29. Kf2 $10 {Ribli,Z-Gligoric,S/Novi Sad/1982/})
(19... Nf6 {Speelman} 20. Nd7 $1) 20. Nd3 (20. bxc3 Rxe5 (20... Bxg2 $2 21. Nd3
$18)) (20. Nd7 {Speelman} Nxd1 21. Bxb7 (21. Nxc5) 21... Nxf2 22. Kxf2 Rd5 $1)
20... Nxd1 21. Nxc5 (21. Bxb7 Nxf2 (21... Rd8 {Speelman} 22. Bg2 e5 $2 (22...
Nxf2 23. Kxf2) 23. Rxd1 e4 24. Nxc5 $1 $18 (24. Qe3 $2 Re5 25. f4 exf3 26. Qxf3
Rxe2)) 22. Kxf2 (22. Nxc5 Qxc5 $17) 22... Rh5 $13 (22... Rh5 23. Bf3 Rxh2+ 24.
Kg1 Rh6 25. Rc1 {xRh6}) (22... Rf5+ 23. Bf3 e5 24. e4 Rf6 25. Nb4)) 21... Qxc5
22. Rxd1 Bxg2 23. Kxg2 h6 24. Rc1 Qe7 25. Qf4 (25. Rc6 $4 Qb7 26. Qd6 Rc8 $19)
25... Qd7 26. b3 Rc8 $1 27. Rxc8+ Qxc8 28. Qd6 Qc2 29. Qxa6 (29. Qd8+ {Speelman
} Kh7 30. Qd3+ Qxd3 31. exd3 {Is an unclear pawn ending but almost certainly
drawn.} g6) 29... Qe4+ 30. Kg1 (30. Kh3 {Speelman} Qf5+ (30... Qxe2 $2 31. Qa8+
Kh7 32. Kg2 e5 33. Qf3 $1 Qxa2 34. Qxf7 Qe2) 31. g4 $6 (31. Kg2 $10) 31... Qxf2
32. Qa8+ (32. Qxb5 Qe3+ 33. Kg2 Qe4+ 34. Kf1 Qf4+ 35. Ke1 Qc1+ 36. Kf2 Qf4+ $10
) 32... Kh7 33. Qf3 $2 Qxf3+ 34. exf3 b4 $19) 1/2-1/2

[Event "Budapest Hunguest Hotels"]
[Site "Budapest"]
[Date "2003.04.14"]
[Round "4"]
[White "Berkes, Ferenc"]
[Black "Short, Nigel D"]
[Result "0-1"]
[WhiteElo "2578"]
[BlackElo "2686"]
[Annotator "Ribli,Z"]
[PlyCount "66"]
[EventDate "2003.04.11"]
[EventType "tourn"]
[EventRounds "9"]
[EventCountry "HUN"]
[EventCategory "17"]
[SourceTitle "CBM 095"]
[Source "ChessBase"]
[SourceDate "2003.07.25"]
[SourceVersion "1"]
[SourceVersionDate "2003.07.25"]
[SourceQuality "1"]

1. d4 Nf6 2. c4 e6 3. Nf3 d5 4. g3 Be7 5. Bg2 O-O 6. O-O dxc4 {Grossmeister
Short - der Sieger des Turniers in Budapest - ist konsequent: Er spielt immer
diese (sogenannte klassische) Variante gegen die Katalanische Eroeffnung.} 7.
Ne5 {Dieser Springerzug ist popular in der letzten Zeit. Die Hauptvariante ist
7.Qc2.} Nc6 8. Nxc6 (8. Bxc6 bxc6 9. Nxc6 Qe8 10. Nxe7+ Qxe7 11. Qa4 e5 $44 {
Das waere die andere populare Variante.}) 8... bxc6 9. e3 Ba6 (9... Nd5 10. Qa4
Rb8 (10... Nb6 11. Qc2 Rb8 12. Rd1 Qe8 13. Nd2 c5 14. dxc5 Bxc5 15. Nxc4 Nxc4
16. Qxc4 Qb5 17. Qxb5 Rxb5 18. b3 {1-0 Berkes,F-Izoria,Z/Heraklio GRE 2002/(59)
}) 11. Qxc4 c5 12. dxc5 Nb4 13. Qb3 Na6 14. Qc2 Nb4 15. Qb3 {1/2-1/2 Krasenkow,
M-Pigusov,E/Halkidiki 2002/CBM 92 no vc (15)}) 10. Nc3 (10. Qe2 Rb8 11. Rd1 Qc8
12. Nc3 Nd5 13. e4 Nb4 14. Be3 Rd8 15. h4 Nd3 $13 {1-0 Rogers,I-Rozentalis,E/
Germany 2000/CBM 74 ext (32)}) 10... Rb8 11. Bxc6 Qd6 $5 {In der
Grossmeisterpraxis ist dieser Zug neu. Die schwarze Strategie ist einfach - er
verjagt den Laufer von c6 und spielt c7-c5, wonach er sich von seinem
Doppelbauern befreit.} (11... Nd5 12. Nxd5 exd5 13. Qf3 Bb7 14. Bxb7 Rxb7 15.
b3 cxb3 16. axb3 c5 17. dxc5 Bxc5 18. Ba3 Bxa3 19. Rxa3 Qd6 20. Rfa1 g6 21. Qd1
Rfb8 {1/2-1/2 Seirawan,Y-Ivanchuk,V/ Tilburg 1992/CBM 32 (69)}) 12. Qa4 (12.
Bf3 Nd5 (12... c5 $5) 13. e4 Nb4 14. Bf4 Qd7 15. Rb1 Nd3 16. Qd2 Qxd4 17. Be3
Ne5 18. Qe2 Nxf3+ 19. Qxf3 Qf6 {1/2-1/2 Ullrich,M-Peters,I/Hessen 2000/EXT
2002 (48)}) 12... Rb6 13. Bg2 c5 $11 {[%mdl 4] Schwarz hat eine bequeme
Stellung. Es ist nicht leicht fuer Weiss den Bc1 zu entwickeln.} 14. dxc5 (14.
Rd1 $5 cxd4 15. Rxd4) 14... Qxc5 15. e4 Qh5 {[%csl Gh5][%cal Gf6g4,Gg4h2,Gg4e5,
Ge5d3,Ge5f3] Die schwarze Dame steht aktiv auf h5 - jetzt droht 15...Ng4.} 16.
Qd1 (16. h3 Bc5 (16... Rd8 $2 17. Be3 Bc5 18. g4 Qe5 19. Qa5 $16) 17. Qd1 Qg6
18. Kh2 (18. e5 Nd5 19. Nxd5 exd5 20. Qxd5 c3) 18... Rd6 19. Qe2 e5 20. Be3 Bd4
$15) 16... Qa5 (16... Qg6) 17. Qe2 (17. Qa4 Qxa4 18. Nxa4 Rb4 19. Nc3 Nd7 $15 {
[%csl Yd3][%cal Gd7c5,Gc5d3,Gd7e5,Ge5d3]}) 17... Nd7 $1 {[%csl Yd3][%cal Gd7c5,
Gc5d3,Gd7e5,Ge5d3][%mdl 32] Der Springer zielt auf das geschwaechte d3-Feld.}
18. Rd1 Ne5 19. Be3 Rb7 20. Qd2 {[%cal Gd2a5,Gc3d5] Weiss moechte 21.Nd5
spielen.} Qb4 (20... Nd3 $5 21. Nd5 Bd8 $17) 21. Rab1 h6 22. Qc2 Rc8 {[%csl
Gc4,Ge5][%cal Gc8c2,Gb7b1] Schwarz hat fuehlbaren positionellen Druck am
Damenfluegel.} 23. Bd2 {[%cal Gd2b4]} Qc5 24. Be3 Qa5 25. Bd2 Qc7 {Endlich
kmmt die schwarze Dame auf c7 zur Ruhe.} 26. Qa4 Rb6 27. Be3 Bc5 28. Bxc5 Qxc5
{Eine ungewoehnliche Stellung in der Katalanischen Verteidigung - der
"katalanische" Laufer auf g2 steht passiv und das d3-Feld ist schwach. Die
weisse Eröffnungsanlage ist gescheitert und er steht praktisch auf Verlust.}
29. Qc2 Rb4 30. Rd2 (30. Bf1 Nf3+ (30... Rcb8 31. Be2) 31. Kg2 Nd4 32. Qd2 e5
33. Nd5 $132) 30... Rcb8 $17 31. Rbd1 $2 $138 {[%csl Rb2]} (31. Ne2 $17) (31.
Nd1 $17) 31... Nd3 {[%csl Rb2,Gd3,Rf2]} 32. Rb1 (32. b3 cxb3 33. axb3 Rxb3 34.
Rxd3 Bxd3 35. Rxd3 Rb2 36. Rd8+ Kh7 $19) 32... Rxb2 $19 33. Rxb2 Rxb2 (33...
Rxb2 34. Qd1 Nxf2 $19) 0-1

[Event "Bundesliga 0203"]
[Site "Germany"]
[Date "2003.03.15"]
[Round "13.1"]
[White "Aronian, Levon"]
[Black "Lutz, Christopher"]
[Result "1-0"]
[WhiteElo "2581"]
[BlackElo "2645"]
[Annotator "Ribli,Z"]
[PlyCount "89"]
[EventDate "2002.10.19"]
[EventType "team-tourn"]
[EventRounds "15"]
[EventCountry "GER"]
[SourceTitle "CBM 094"]
[Source "ChessBase"]
[SourceDate "2003.05.26"]
[SourceVersion "1"]
[SourceVersionDate "2003.05.26"]
[SourceQuality "1"]
[WhiteTeam "Wattenscheid"]
[BlackTeam "Porz"]
[WhiteTeamCountry "GER"]
[BlackTeamCountry "GER"]

1. d4 Nf6 2. Nf3 e6 3. g3 d5 {Das ist die natuerliche Antwort, aber bei dieser
Zugfolge sind auch 3...c5, oder 3...b5 interessant.} 4. Bg2 Be7 5. O-O O-O 6.
c4 dxc4 {Das ist die sogenannte Klassische Variante - Schwarz nimmt den
c4-Bauern und waehrend Weiß den Bauern zurueckgewinnt, kann er die Entwicklung
beenden.} 7. Qc2 a6 8. a4 {Heutzutage dieser Zug ist in der Mode, aber die
traditionelle Fortsetzung 8.Qc4 ist auch spielbar.} Bd7 {Ribli: Winants: 'La
méthode consacrée : Les Noirs y projettent de contrecarrer l'action du Bg2
puis d'éliminer le pion central via c5.'} 9. Qxc4 Bc6 10. Bg5 {Die weiße
Strategie ist - den Bg5 gegen den Nf6 zu tauschen und nach Nc3, e4 eine starke
Zentrumsstellung aufzubauen. Schwarz hat dagegen zwei gewoehnliche
strategische Ideen - 1. den weißfarbigen Laufer gegen den f3-Springer zu
tauschen und mit a5, c6- Na6 -Nb4 eine feste Stellung aufzubauen. 2. den
weißfarbigen Läufer nicht zu tauschen und stattdessen mit 10...Bd5 und 11...
Be4 im Zentrum aktiv zu spielen.} Bd5 11. Qc2 Be4 12. Qd1 (12. Qc1 $5) 12... c5
{Ribli: Winants: 'Tout cela figure dans les manuels théoriques. Les Noirs ont
pratiquement égalisé.'} 13. dxc5 {Die andere Möglichkeit für Weiß wäre 12.Nbd2,
aber der Textzug scheint mir chancenreicher.} Bxc5 14. Nbd2 {Dieser
Springerzug erscheint mir besser, als 14.Nc3 - der Springer kann von d2 nach
b3 gehen und spaeter eventuell weiter nach a5; im im Falle von 14.Nc3 hat Weiß
demgegenüber keinen aktiven Spielplan mit dem Springer zur Verfügung.} Bc6 15.
Nb3 Be7 (15... Ba7 16. Qxd8 Rxd8 17. Na5 Bd5 18. Ne1 Nc6 19. Bxd5 Nxa5 20. Bg2
{1-0 Davies,N-Shabtai,R/Tel Aviv 1989/EXT 97 (50)}) (15... Bb4 $5) 16. Qxd8 {
Gewoenlich ist es unlogisch von selbst zu tauschen und den gegnerischen Turm
auf die Linie zu bringen, aber mit dem Textzug kann Weiß - als strategische
Pointe - 17.Na5 ziehen.} Rxd8 17. Na5 {[%csl Ga5][%cal Ga5c6,Gg2a8] Der a5N
verhindert die Entwicklung des schwarzen Damenfluegels.} Bd5 18. Ne5 Bxg2 19.
Kxg2 Nbd7 20. Nd3 {[%csl Ga5,Gd3] Das d3-Feld ist ein Schluesselfeld fuer den
Springer in vielen Varianten der Katalanischen Eroeffnung. Jetzt kontrolliert
der d3N die wichtigsten Zentrumsfelder und verteidigt den b2-Bauern. Jetzt
droht 21.Nxb7 und Schwarz kann den Bauern nicht mit Rdb8 zurueckgewinnen.} e5
$146 {[%cal Ge5e4] Dieser Zug ist eine theoretische Neuerung. Die Idee des
Zugs ist - mit e5-e4 den d3-Springer zu verjagen.} (20... h6 $5 21. Bf4 (21.
Bxf6 Bxf6 22. Nxb7 Rdb8 23. Na5 Bxb2 $11) 21... g5 22. Nxb7 (22. Be3 $5 Rdb8 (
22... Nd5 23. Nxb7 Rdb8 24. Na5 $16) 23. Rfc1 Nd5 $13) 22... gxf4 23. Nxd8 Rxd8
24. gxf4 a5 $1 {1/2-1/2 Ribli,Z-Donev,I/Austria 1996/CBM 57 ext/[Donev] (53)} (
24... Nc5 25. Ne5 Rd2 26. b4 $1)) (20... Rdc8 21. Nxb7 Rab8 22. Na5 Bd8 23. b4
Bxa5 24. bxa5 $16) (20... b6 21. Nc6 Re8 22. Nxe7+ Rxe7 23. Rfc1 $14) 21. Bxf6
Nxf6 (21... Bxf6 $2 22. Nxb7 Rdb8 (22... e4 23. Nxd8 exd3 24. Nc6 dxe2 25. Rfe1
Re8 26. Rac1 Bxb2 27. Rc2 $18) 23. Nd6 $16) 22. Nxe5 $1 (22. Nxb7 Rdb8 (22...
Rd7 23. Na5 (23. Nbc5 Rd5 24. b4 e4 25. Nf4 Rd4 $36) 23... e4 24. Ne5 Rd2 25.
Nac6 $16) 23. Ndc5 (23. Na5 e4 24. Ne5 Rxb2 25. Nac6 Kf8 26. Nc4 Rc2 (26...
Rxe2 $2 27. Nd4 $16 {[%csl Re2]}) 27. Rfc1 $11) 23... Ra7 24. Rac1 h6 (24...
Raxb7 25. Nxb7 Rxb7 26. Rc8+ Bf8 27. Rd1 $36) 25. Na5 Rxb2 $11) 22... Rd2 23.
Nd3 b6 (23... Rxe2 24. Rfe1 Rxe1 25. Rxe1 Kf8 26. Nxb7 $16) 24. Nc4 {[%cal
Rc4b6,Rc4d2]} Rxe2 25. Nxb6 $16 {[%mdl 1024] Weiß hat einen Bauern mehr und
ich sehe keine besondere Kompensation fuer Schwarz.} Rd8 (25... Rb8 26. Rae1
Rxe1 27. Rxe1 Kf8 28. Nc4 $16) 26. Rae1 Rc2 (26... Rxe1 27. Rxe1 $16) 27. Rxe7
Rxd3 28. Rfe1 $1 (28. Ra7 h5 29. Rxa6 Ng4 30. Kg1 Rdd2 $132) 28... h5 29. R7e2
Rc6 (29... Rxe2 30. Rxe2 $16) 30. a5 Rc5 (30... Rb3 $16) 31. Re5 (31. b4 Rb5
$132) 31... Rxe5 {Ich glaube, der Turmtausch hilft Weiß. Es waere besser, die
Tuerme auf dem Brett zu behalten.} (31... Rc2 $142) 32. Rxe5 Rd2 {[%mdl 4096]}
33. Nc4 Rc2 34. b3 Ng4 {[%cal Rc2f2,Rg4f2,Rg4e5]} 35. Rf5 g6 36. Rf4 f5 37. h3
{Nach diesem Zug muss der Stolz der schwarzen Stellung, der g4N, weichen.} Nf6
38. Ne5 Kg7 39. Rc4 {[%csl Gc4][%cal Gc4c7,Gc7g7]} Ra2 (39... Rxc4 40. bxc4 $16
) 40. Rc7+ Kg8 41. b4 g5 (41... Ne4 42. Rc6 (42. Nd3 Rd2) 42... Rxf2+ 43. Kg1
$16) 42. Nd3 Ne4 (42... Rd2 43. Nc5 $18) 43. Kf3 Ra3 44. Ke3 Nc3 (44... Nxf2
45. Kxf2 Rxd3 46. b5 axb5 47. a6 $18) 45. Rc5 $18 {[%cal Rc5h5]} 1-0

[Event "Bundesliga 0304"]
[Site "Germany"]
[Date "2004.03.06"]
[Round "10.1"]
[White "Ftacnik, Lubomir"]
[Black "Lutz, Christopher"]
[Result "1/2-1/2"]
[WhiteElo "2585"]
[BlackElo "2613"]
[Annotator "Ribli,Z"]
[PlyCount "75"]
[EventDate "2003.11.01"]
[EventType "team-tourn"]
[EventRounds "15"]
[EventCountry "GER"]
[SourceTitle "CBM 100"]
[Source "ChessBase"]
[SourceDate "2004.06.01"]
[SourceVersion "1"]
[SourceVersionDate "2004.06.01"]
[SourceQuality "1"]
[WhiteTeam "Hamburger SK"]
[BlackTeam "Porz"]
[WhiteTeamCountry "GER"]
[BlackTeamCountry "GER"]

1. d4 Nf6 2. c4 e6 3. g3 d5 4. Nf3 Be7 5. Bg2 O-O 6. O-O dxc4 {Der deutsche
Großmeister spielt praktisch immer diese Variante gegen die Katalanische
Verteidigung. Die schwarze Strategie ist klar, er nimmt den Bauern und während
Weiß ihn zurückgewinnt, möchte er die Entwicklung des Damenflügels beenden.
Ich muss anmerken, dass diese Partie die dritte zu diesem Thema zwischen
denselben Großmeistern ist.} 7. Qc2 a6 8. a4 {Heutzutage ist das die
populärste Fortsetzung in der Großmeisterpraxis, die frühere Hauptvariante ist
8.Qxc4, wonach Schwarz 8...b5 9.Qc2 Bb7 spielen kann, wonach er ausgezeichnete
Ausgleichschancen hat.} Bd7 9. Qxc4 Bc6 10. Bg5 Bd5 11. Qc2 Be4 12. Qd1 c5 13.
dxc5 {Das ist die chancenreichste Fortsetzung - im folgenden bekommt Weiß
einige Initiative.} (13. Nbd2 Bc6 $11 (13... Bd5 $11)) 13... Bxc5 14. Nbd2 {
Dieser Zug ist nicht schlecht, aber in vielen Partien erreicht Weiß die
Partiestellung mit 14.Qxd8.} (14. Qxd8 Rxd8 15. Nbd2 Bc6 16. Nb3 Bb4 {Auf
diese Weise - mit Zugumstellung - haben wir die Partiefortsetzung.} (16... Be7)
(16... Ba7) (16... Nbd7)) 14... Bc6 15. Nb3 Bb4 (15... Be7 16. Qxd8 Rxd8 17.
Na5 Bd5 18. Ne5 Bxg2 19. Kxg2 Nbd7 20. Nd3 e5 21. Bxf6 Nxf6 22. Nxe5 $1 Rd2 23.
Nd3 b6 24. Nc4 Rxe2 25. Nxb6 $16 {1-0 Aronian,L-Lutz,C/Germany 2003/CBM 94/
[Ribli] (45)}) 16. Qxd8 Rxd8 17. Ne5 (17. Rfc1 Nbd7 18. Bd2 (18. Bxf6 gxf6 19.
Nfd4 Bxg2 20. Kxg2 Rac8 21. Rc2 Rxc2 22. Nxc2 Be7 23. Ne1 Rc8 24. Rd1 Rc7 25.
Nd3 f5 {1/2-1/2 Schandorff,L-Dutreeuw,M/Hamburg GER 2002/(60)}) 18... Bxd2 19.
Nfxd2 Bxg2 20. Kxg2 Rdc8 (20... Ne5 21. Nc4 Nxc4 22. Rxc4 $14) 21. Nc4 Ne8 $5
22. Nca5 b6 {1/2-1/2 Flumbort,A-Koneru,H/Budapest HUN 2002/(22)}) 17... Bxg2
18. Kxg2 h6 19. Bxf6 gxf6 20. Nd3 {[%csl Gd3] In dieser Variante der
Katalanischen Verteidigung steht der Springer gut auf d3 und kontrolliert die
wichtigsten Zentrumsfelder.} Nc6 21. Rfc1 a5 22. Nxb4 $146 {Das ist die erste
Abweichung von der theoretischen Variante. Früher spielte Weiß 22.Rc4, aber -
dort auch - hat Schwarz gute Ausgleichschancen.} (22. Rc4 Ne5 23. Nxe5 fxe5 24.
Rac1 Rab8 (24... b5 $5 25. axb5 Rab8) 25. Nc5 Kf8 $2 (25... Rd2) 26. Re4 Rd2
27. Rxe5 Bxc5 28. Rcxc5 Rxb2 29. Rxa5 $16 {1-0 Kozul,Z-Ribli,Z/Bled 2002 (58)})
22... Nxb4 23. Rc7 {[%mdl 4096] Wir befinden uns sehr schnell von der
Eröffnung im Endspiel.} b6 24. Rac1 {Weiß kontrolliert stark die c-Linie und
er hat die bessere Bauernstruktur. Aber im folgenden kann Schwarz f6-f5 ziehen
und das Spiel ausgleichen.} Nd5 $11 {[%csl Gd5] Der Springer steht
ausgezeichnet auf d5.} 25. Rb7 Rdb8 {[%mdl 256] Schwarz verteidigt sich gut -
er möchte den aktiven Turm des Gegners tauschen.} 26. Rxb8+ (26. Rd7 b5 $11 (
26... Rd8 $11)) 26... Rxb8 27. Nd4 {[%cal Gd4b5,Gd4c6]} (27. e4 $5 Nb4 28. Rd1)
27... f5 {[%csl Ge6,Gf5,Gf7] Mit diesem Zug sichert Schwarz sich seine
d5-Springerstellung.} 28. Rc4 (28. h3 $5 {[%cal Gg3g4]}) 28... Rd8 29. Nc6 Rd6
30. Ne5 Rd8 (30... Kg7 31. Rc8 $14) 31. Rc6 Kg7 {[%cal Gg7f6,Gf6e5]} 32. b3 Kf6
33. f4 Ke7 {Der schwarze König ist schon im Zentrum, was gewöhnlich
vorteilhaft in Endspielstellungen ist.} 34. Rc1 {[%cal Re5c6,Rc6d8,Rc6e7]} Rg8
{[%cal Gg8g2,Rd5f4,Rf4g2]} 35. Kf3 h5 36. Nc6+ (36. e4 fxe4+ 37. Kxe4 h4 38.
Kf3 $11 (38. gxh4 Rh8 39. Nf3 Rh5 $11)) 36... Kd6 37. Ne5 Ke7 38. Nc6+ 1/2-1/2